| 000 | 00619nam a2200217Ia 4500 | ||
|---|---|---|---|
| 003 | GCL | ||
| 008 | 140319s9999 xx 000 0 ara d | ||
| 040 |
_aGCL / _cGCL |
||
| 082 | 0 | 4 |
_a792.9 _bا م |
| 100 | 1 | _aاستون، الين | |
| 245 | 1 | 0 |
_aالمسرح والعلامات / _cاستون، الين |
| 700 | 1 | _aسافونا جورج | |
| 700 | 1 | _aسباعى السيد (مترجم) | |
| 260 |
_a[S.N] : _bوزارة الثقافة ، _c1996 |
||
| 300 | _a271 ص | ||
| 490 | _a | ||
| 650 | 0 | 4 | _aالمسرح |
| 650 | 0 | 4 | _aالمسرح - نقد |
| 650 | 0 | 4 | _aالمسرحيات - نقد |
| 942 |
_2ddc _cBK |
||
| 999 |
_c53696 _d53696 |
||